Polskie miasta leżące na Polesiu - Statystyki

Ogólne statystyki
  • Ten quiz został rozwiązany 17 razy
    4 od ostatniego zresetowania
  • Średni wynik to 6 z 14
Statystyki odpowiedzi
Populacja Miasto % Poprawnych
54 178 (2024) Biała Podlaska
75%
56 127 (2023) Chełm
75%
18 836 (2024) Hajnówka
75%
2 659 (2021) Janów Podlaski
75%
10 298 (2022) Parczew
75%
5 197 (2022) Terespol
75%
12 123 (2023) Włodawa
50%
17 500 (2022) Łęczna
25%
16 753 (2019) Międzyrzec Podlaski
25%
2 110 (2019) Ostrów Lubelski
25%
2 068 (2019) Rejowiec
25%
2 825 (2021) Piszczac
0%
4 386 (2019) Rejowiec Fabryczny
0%
1 431 (2019) Siedliszcze
0%
Nie znaleziono quizów pasujących do podanych kryteriów
Rozkład punktacji
Procent ludzi z każdym wynikiem
Percentyl według liczby udzielonych odpowiedzi
Twoja historia wyników
Nie rozwiązałeś tego quizu od ostatniego zresetowania